=LDR 00000nam 2200000 4500 =001 INLIS000000000038385 =005 20200313085800 =035 ##$$a 0010-061300000038385 =008 200313################g##########0#ind## =041 ##$$a Ind =082 ##$$a 254.7 =090 ##$$a 254.7, Put m =100 ##$$a Putra, Dianata Eka =245 1#$$a Mahir hipnotis Ddalam 1 hari : $b Membongkar rahasia hipnotis /$c Dianata Eka Putra =260 ##$$a Jakarta :$b Cetak Buku Publisher,$c 2010 =300 ##$$a 119 hlm, : $b Ilus. ; $c 14 x 20 cm =650 #4$$a Hipnotisme =850 ##$$a NBPNMAT =020 ##$$a 978-979-16090-7-4 =084 ##$$a 254.7 PUT m =500 ##$$a Bibliografi; hlm. 117-118 =990 ##$$a 21105027 =990 ##$$a 21105026 =990 ##$$a 21105028 =990 ##$$a 21105028 =990 ##$$a 21105027 =990 ##$$a 21105026 =990 ##$$a 21105026 =990 ##$$a 21105027 =990 ##$$a 21105028 =990 ##$$a 21105027 =990 ##$$a 21105026 =990 ##$$a 21105028 =990 ##$$a 21105026 =990 ##$$a 21105027 =990 ##$$a 21105028